000 00314nam a2200121Ia 4500
008 220204s9999 xx 000 0 und d
082 _a330.142.211
_bLEV
100 _aLEVY, H
245 0 _acapital investment and financial decisions
260 _aLondon
_bPrentice Hall
_c1978
700 _aSARNAT, M
942 _cBK
999 _c28031
_d28031